Les jeux vidéos les plus visionnés sur Twitch - Statistiques

Statistiques générales
  • Ce quiz a été pris 149 fois
  • Le résultat moyen est 5 sur 10
Statistiques - réponses
TOP heures de visionnage nom du jeux : % Correct
7 41,801,160 Fortnite
84%
1 91,228,792 League of Legends
78%
10 26,896,174 Minecraft
71%
2 89,362,240 Grand Theft Auto V
65%
4 61,410,997 VALORANT
61%
3 72,231,434 Counter-Strike
45%
6 47,096,442 World of Warcraft
25%
5 48,562,296 Dota 2
19%
8 36,014,133 Marvel Rivals
6%
9 34,083,340 Kingdom Come: Deliverance II
0%
Aucun quiz correspondant
Distribution des résultats
% des personnes avec chaque résultat
Percentile par nombre de réponses
Votre historique - résultats
Vous n’avez pas pris ce quiz